Central Library OPAC University of Rajshahi

Penny rate : (Record no. 905)

MARC details
000 -LEADER
fixed length control field 00718cam a2200241 a 4500
001 - CONTROL NUMBER
control field 905
003 - CONTROL NUMBER IDENTIFIER
rucl marc code BD-RjUL
005 - DATE AND TIME OF LATEST TRANSACTION
control field 20211208233239.0
008 - FIXED-LENGTH DATA ELEMENTS--GENERAL INFORMATION
fixed length control field 131123r19681951enk 001 0 eng
035 ## - SYSTEM CONTROL NUMBER
System control number (BD-RjUL) 927
System control number (OCoLC)2215589
040 ## - CATALOGING SOURCE
Original cataloging agency DLC
Transcribing agency MiDW
Modifying agency Uk
-- DLC
-- BD-RjUL
Language of cataloging eng
041 ## - LANGUAGE CODE
Language code of text/sound track or separate title eng
082 ## - DEWEY DECIMAL CLASSIFICATION NUMBER
Classification number 027.442
Author mark and year MUP 1968
100 1# - MAIN ENTRY--PERSONAL NAME
Personal name Munford, William Arthur.
9 (RLIN) 1498
245 10 - TITLE STATEMENT
Title Penny rate :
Remainder of title aspects of British public library history, 1850-1950 /
Statement of responsibility, etc. W. A. Munford.
260 ## - PUBLICATION, DISTRIBUTION, ETC. (IMPRINT)
Place of publication, distribution, etc. London :
Name of publisher, distributor, etc. Library Association,
Date of publication, distribution, etc. 1951 [reprinted 1968].
300 ## - PHYSICAL DESCRIPTION
Pagination ix, 150 p. ;
Size 23 cm.
650 #0 - SUBJECT ADDED ENTRY--TOPICAL TERM
Topical term or geographic name as entry element Libraries
Geographic subdivision Great Britain.
9 (RLIN) 2689
942 ## - ADDED ENTRY ELEMENTS (KOHA)
Source of classification or shelving scheme Dewey Decimal Classification
Koha item type Books
Holdings
Lost status Source of classification or shelving scheme Damaged status Not for loan Collection code Permanent Location Current Location Shelving location Date acquired Total Checkouts Full call number Date last seen Copy number Koha item type
  Dewey Decimal Classification     Non-fiction Central Library, University of Rajshahi Central Library, University of Rajshahi   23/11/2013   027.442 MUP 1968 23/11/2013 C-3 Books